ALL towns in Nassau County on Long Island NY - Statistics

General Stats
  • This quiz has been taken 507 times
  • The average score is 21 of 113
Answer Stats
Answer % Correct
Hempstead
70%
Garden City
63%
Massapequa
56%
Long Beach
53%
Freeport
48%
Merrick
46%
Mineola
46%
Oceanside
45%
Oyster Bay
45%
Syosset
45%
Glen Cove
44%
Great Neck
44%
Manhasset
44%
Westbury
44%
Bellmore
43%
Valley Stream
43%
Roslyn
42%
Lynbrook
39%
Hicksville
38%
Jericho
36%
Seaford
36%
Baldwin
35%
Elmont
35%
New Hyde Park
35%
Plainview
35%
Levittown
34%
Uniondale
34%
Hewlett
31%
Franklin Square
29%
Old Westbury
27%
Carle Place
26%
Massapequa Park
26%
Malverne
25%
East Rockaway
24%
Roosevelt
24%
Brookville
22%
Lawrence
22%
Locust Valley
22%
Albertson
21%
Glen head
21%
Island Park
21%
Atlantic Beach
20%
Cedarhurst
19%
Woodmere
19%
Lido Beach
18%
North Hempstead
18%
Woodbury
18%
Bayville
17%
Inwood
16%
Kings Point
16%
North Bellmore
16%
Plainedge
16%
Roslyn Heights
16%
Sands Point
16%
Sea Cliff
16%
Muttontown
15%
Point Lookout
15%
Herricks
13%
North Merrick
13%
East Hills
12%
Lake Success
12%
Plandome
12%
South Hempstead
12%
Williston Park
12%
East Norwich
11%
Hewlett Harbor
10%
Old Brookville
10%
Oyster Bay Cove
10%
New Cassel
9%
Upper Brookville
9%
Roslyn Harbor
8%
Bellrose
7%
Hewlett Bay Park
7%
Lattingtown
7%
North Hills
7%
North Massapequa
7%
North Valley Stream
7%
Roslyn Estates
7%
Baldwin Harbor
6%
Cove Neck
6%
East Massapequa
6%
Manhasset Hills
6%
Manorhaven
6%
Matinecock
6%
Searingtown
6%
South Valley Stream
6%
Woodsburgh
6%
Bay Park
5%
East Atlantic Beach
5%
Hewlett Neck
5%
North New Hyde Park
5%
Saddle Rock
5%
Barnum Island
4%
Glenwood Landing
4%
Great Neck Plaza
4%
Laurel Hollow
4%
North Wantagh
4%
Plandome Manor
4%
Baxter Estates
3%
Munsey Park
3%
South Farmingdale
3%
University Gardens
3%
Beathpage
2%
Rocville Centre
2%
Wheatley
2%
Locust Grove
1%
Old Beathpage
1%
Wheatley Heights
1%
Bay Colony
0%
Bellrose Terace
0%
Harbor Green
0%
Mills Neck
0%
North Lynbrook Island Park
0%
No matching quizzes found
Score Distribution
Percent of People with Each Score
Percentile by Number Answered
Your Score History
You have not taken this quiz